000 00550nam a2200193Ia 4500
003 OSt
005 20251021164158.0
008 Pun
037 _cTB
040 _aARTS
_cARTS
_bPun
041 _2Pun
_aPun
084 _aO153,1J56,1:g K8;M6
_qAL
100 _aਸਿੰਘ, ਗੁਰਦੇਵ
_9156291
245 0 _aਹੀਰ ਦਮੋਦਰ
260 _c1968.
650 _aਪੰਜਾਬੀ ਸਾਹਿਤ
_9849076
942 _hO153,1J56,1:g K8;M6
_cTB
_2CC
_n0
999 _c380376
_d380376